| 000 | 003930000a22001570004500 | ||
|---|---|---|---|
| 001 | 002342 | ||
| 003 | MACL | ||
| 040 | _aMACL | ||
| 090 |
_c14335 _d14334 |
||
| 100 | _aFrankel, Francis | ||
| 245 |
_aThe India C̜hina Relationship _bRivaalry And Engagement _cFrancis Frankel |
||
| 260 |
_aOxford uni. Press, _c2004 |
||
| 350 | _a595 | ||
| 650 | _aInternational Relationship | ||
| 942 |
_k328 _cBook |
||
| 999 |
_c14254 _d14254 |
||